[Event "56.SMM Klausen/Rk-CSK Merania"]
[Site "?"]
[Date "2024.11.30"]
[Round "3.4"]
[White "Seebacher, Reinhard"]
[Black "Zuev, Mikhail"]
[Result "0-1"]
[WhiteElo "1951"]
[BlackElo "1893"]
[PlyCount "80"]
[EventDate "2024.11.09"]

{[%evp 0,80,21,16,27,23,27,28,50,37,71,54,47,47,57,57,60,29,22,37,32,28,85,27,17,19,47,-13,-10,-16,35,-24,-22,-16,0,0,25,2,57,55,55,38,23,19,52,0,0,0,-3,-20,-10,-3,-11,-3,0,0,0,0,0,-149,-165,-141,-161,-216,-191,-386,-403,-409,-404,-518,-405,-405,-405,-29977,-29978,-29979,-29980,-29981,-29982,-29993,-29994,-29995,-29996]} 1. Nf3 {[%emt 0:00:00]} d5 2. d4 Nf6 3. Bf4 g6 4. e3 Bg4 5. Nbd2 Bg7 6. h3 Bxf3 7. Nxf3 O-O 8. Bd3 c5 9. c3 Nbd7 10. O-O e6 11. b4 c4 12. Bc2 b5 13. Ne5 Nxe5 14. Bxe5 Nd7 15. Bxg7 Kxg7 16. e4 f5 17. exd5 exd5 18. Re1 Re8 19. a4 a6 20. Qd2 Nf6 21. f3 Qd6 22. axb5 axb5 23. Rxa8 Rxa8 24. Re5 Ra1+ 25. Re1 Rxe1+ 26. Qxe1 f4 27. Kh2 Kf7 28. Qh4 Nh5 29. Qg5 Ng3 30. Qh6 Kg8 31. Qg5 Kg7 32. Qg4 Nf1+ 33. Kg1 Ne3 34. Qc8 Nxc2 35. Qb7+ Kh6 36. Qxb5 Qe6 37. Qb8 Qe1+ 38. Kh2 Qg3+ 39. Kh1 Ne3 40. Qf8+ Kh5 0-1

[Event "56.SMM Klausen/Rk-CSK Merania"]
[Site "?"]
[Date "2024.11.30"]
[Round "3.5"]
[White "Battiston, Claudio"]
[Black "Schrott, Karl"]
[Result "1/2-1/2"]
[WhiteElo "1875"]
[BlackElo "1957"]
[PlyCount "109"]
[EventDate "2024.11.09"]

{[%evp 0,109,23,27,27,-28,-10,1,17,-22,14,-6,-7,0,0,19,27,-8,45,26,15,21,38,27,52,27,84,67,62,57,57,56,56,21,21,18,49,42,35,40,46,40,51,39,44,42,40,45,67,65,85,43,66,34,62,54,40,2,65,67,44,40,28,31,43,18,12,7,10,-14,0,7,8,8,12,-6,-1,-237,-27,-21,-25,-23,-20,-23,-21,-25,-15,-22,-9,-9,-9,-11,0,-6,0,0,0,0,221,226,241,0,0,0,0,0,0,0,0,0,0,0]} 1. Nf3 Nf6 2. g3 d5 3. Bg2 g6 4. c4 c6 5. b3 Bg7 6. Bb2 O-O 7. O-O Re8 8. d4 Nbd7 9. cxd5 cxd5 10. Nc3 e6 11. Rc1 a6 12. Na4 Nb8 13. Rxc8 Qxc8 14. Nb6 Qd8 15. Nxa8 Nc6 16. Qc2 Qxa8 17. Rc1 Nd7 18. a3 Qb8 19. e3 Qd6 20. h3 h6 21. Qd3 Nb6 22. Qc3 Rc8 23. Qd2 a5 24. Bf1 a4 25. b4 Ne7 26. Rxc8+ Nbxc8 27. Qc2 Qc6 28. Qc5 Qxc5 29. bxc5 b6 30. cxb6 Nxb6 31. Bb5 Nec8 32. Nd2 Nd6 33. Bc6 Bf8 34. Nb1 Ndc4 35. Bc1 Bd6 36. Nc3 Nxa3 37. Bxa3 Bxa3 38. Bxa4 Nxa4 39. Nxa4 Kf8 40. Nc3 Bb4 41. Nd1 Ke7 42. Kf1 Kd6 43. Ke2 Ba5 44. Nb2 f6 45. f4 h5 46. g4 hxg4 47. hxg4 Bc3 48. Nd3 e5 49. fxe5+ fxe5 50. dxe5+ Bxe5 51. Nf4 g5 52. Nh3 Bf6 53. Kd3 Ke5 54. Nf2 Bd8 55. Nh3 1/2-1/2

[Event "56.SMM Klausen/Rk-CSK Merania"]
[Site "?"]
[Date "2024.11.30"]
[Round "3.6"]
[White "Senn, Stefan"]
[Black "Franceschini, Christoph"]
[Result "1/2-1/2"]
[WhiteElo "1640"]
[BlackElo "1755"]
[PlyCount "112"]
[EventDate "2024.11.09"]

{[%evp 0,112,27,-11,-14,-33,35,29,26,16,11,11,31,18,18,-9,-14,8,13,-13,-9,-11,-7,-18,14,2,2,7,6,11,31,2,-4,-37,-38,-89,-70,-128,-48,-118,-43,-43,-39,-51,-28,-89,-60,-148,-135,-189,-149,-181,-178,-148,-108,-222,-159,-143,-110,-143,-61,-53,-57,-57,-64,-64,-68,-63,-40,-42,-40,-40,-26,-3,0,0,0,-8,-10,-27,-54,-54,-62,-126,-126,-139,0,0,14,36,53,45,45,52,60,61,104,109,127,168,173,175,187,194,194,194,210,151,138,57,126,49,39,40,38]} 1. c4 {[%emt 0:00:00]} Nf6 {[%emt 0:00:00]} 2. Nc3 g6 3. g3 Bg7 4. Bg2 O-O 5. Nf3 d6 6. O-O Nc6 7. Rb1 Bf5 8. d3 Qd7 9. Qd2 Bh3 10. b4 e5 11. b5 Ne7 12. Re1 Bxg2 13. Kxg2 h6 14. e4 Nh7 15. Nd5 Nxd5 16. cxd5 f5 17. h4 f4 18. Ba3 Qg4 19. Rf1 g5 20. Qd1 Rf7 21. Nh2 Qd7 22. h5 fxg3 23. Kxg3 Raf8 24. Qg4 Qd8 25. Qe2 Rf4 26. Bc1 Rh4 27. Be3 Qd7 28. Ng4 Rf4 29. f3 Nf6 30. Nxf6+ Rxf6 31. Rh1 Rxh1 32. Rxh1 Qxb5 33. Bxa7 Qa6 34. Be3 Rf8 35. Qc2 c6 36. dxc6 bxc6 37. Qc4+ Qxc4 38. dxc4 Ra8 39. Rh2 Bf8 40. Kg4 Kf7 41. Kf5 Ra3 42. Re2 Rc3 43. c5 dxc5 44. Kxe5 Rd3 45. Kf5 c4 46. f4 gxf4 47. Bxf4 Bg7 48. e5 Rd5 49. Rc2 Rc5 50. a4 c3 51. a5 Rxa5 52. Rxc3 c5 53. Rc4 Bf8 54. e6+ Ke7 55. Ke5 Ra6 56. Rxc5 Rxe6+ 1/2-1/2

[Event "56.SMM B Klausen/Rk-Steinegg/Rk"]
[Site "?"]
[Date "2024.11.30"]
[Round "3.2"]
[White "Kircher, Kevin"]
[Black "Pichler, Martin"]
[Result "0-1"]
[WhiteElo "1657"]
[BlackElo "1930"]
[PlyCount "43"]
[EventDate "2024.11.09"]

{[%evp 0,43,27,13,86,67,77,26,44,32,32,19,20,20,41,54,52,29,29,29,56,36,30,9,40,3,57,-8,47,53,51,47,53,-9,-10,-54,-52,-42,7,-26,13,-78,-82,-127,-121,-121]} 1. e4 g6 2. d4 Bg7 3. c3 d6 4. Nf3 Nf6 5. Nbd2 O-O 6. Bc4 Nxe4 7. Nxe4 d5 8. Bd3 dxe4 9. Bxe4 c6 10. Bd2 Nd7 11. Qc2 Nf6 12. Bd3 a5 13. a4 Re8 14. O-O Qc7 15. h3 Nd5 16. c4 Nf4 17. Bxf4 Qxf4 18. Qc1 Qd6 19. Rd1 Qf6 20. Rb1 Bxh3 21. gxh3 Qxf3 22. Qe3 0-1

[Event "56.SMM B Klausen/Rk-Steinegg/Rk"]
[Site "?"]
[Date "2024.11.30"]
[Round "3.4"]
[White "Hartmann, Alois"]
[Black "Lantschner, Carmen"]
[Result "1-0"]
[WhiteElo "1647"]
[BlackElo "1799"]
[PlyCount "125"]
[EventDate "2024.11.09"]

{[%evp 0,125,23,15,74,71,95,95,95,85,71,74,63,70,54,51,37,33,71,51,101,60,59,52,52,25,24,39,42,40,51,34,39,35,45,14,24,-4,5,-40,7,-14,44,-49,79,-8,-16,-26,-32,-7,-3,-2,17,-18,-12,-19,-26,-28,-18,-19,143,0,0,0,0,0,46,0,0,0,0,0,0,0,0,-29999,226,226,227,248,260,275,275,113,136,157,176,94,103,118,497,519,522,519,533,537,560,568,574,584,603,524,546,623,683,701,29997,603,690,745,756,761,819,673,1040,740,740,760,779,801,819,888,902,972,1050,1241,1301,1726]} 1. e4 d6 2. d4 g6 3. Nf3 Bg7 4. Nc3 Nf6 5. Be3 O-O 6. h3 b6 7. Bd3 Bb7 8. O-O e6 9. Qd2 Re8 10. Rae1 Nbd7 11. Bg5 e5 12. dxe5 Nxe5 13. Nxe5 dxe5 14. Rd1 Qd6 15. a3 a6 16. f3 Qc6 17. Qe2 h6 18. Bxf6 Bxf6 19. Bc4 b5 20. Ba2 Bh4 21. Rd3 Rad8 22. Rfd1 Rxd3 23. Rxd3 Qc5+ 24. Kh2 Bc8 25. g3 Bg5 26. h4 Bc1 27. b4 Qc6 28. Nd5 Bb2 29. Qd2 Bd4 30. c3 Ba7 31. Qxh6 Qe6 32. g4 c6 33. Nc7 Qxa2+ 34. Rd2 Qb1 35. Nxe8 Qg1+ 36. Kh3 Qh1+ 37. Rh2 Qf1+ 38. Rg2 Qxf3+ 39. Kh2 Qf4+ 40. Qxf4 exf4 41. Nf6+ Kf8 42. Rd2 Ke7 43. e5 Bb8 44. Ng8+ Kf8 45. Rd8+ Kg7 46. Rxc8 Bxe5 47. Ne7 Kf6 48. Nxc6 Bxc3 49. g5+ Kg7 50. Ne7 Bd2 51. Kh3 a5 52. Nd5 axb4 53. Nxb4 f6 54. Rc7+ Kf8 55. gxf6 f3 56. Nd3 Ba5 57. Rb7 Bc3 58. Rxb5 Bxf6 59. a4 Ke7 60. a5 Bd4 61. Kg3 Kd6 62. Kxf3 Kc6 63. Rg5 1-0

[Event "56.SMM B Richter/Lask 2-ASD Arci BZ 2"]
[Site "?"]
[Date "2024.11.30"]
[Round "3.1"]
[White "Niederstätter, Harald"]
[Black "Fongarolli, Diego"]
[Result "1/2-1/2"]
[WhiteElo "1885"]
[BlackElo "1943"]
[PlyCount "71"]
[EventDate "2024.??.??"]

{[%evp 0,71,27,27,32,-9,12,0,5,-30,-22,-20,-6,-21,4,-12,3,-10,-41,-41,-50,-44,4,5,5,2,18,-17,-17,0,5,-68,17,-70,26,-44,-40,-25,47,47,47,59,44,-12,269,-28,1,5,20,26,65,50,53,43,29,25,23,9,-3,-98,-61,-68,-94,-147,5,-13,22,-13,-18,-18,-18,7,11,38]} 1. Nf3 Nf6 2. b3 g6 3. Bb2 Bg7 4. g3 O-O 5. Bg2 d6 6. O-O e5 7. e3 c5 8. d4 cxd4 9. exd4 e4 10. Nfd2 Bg4 11. f3 exf3 12. Nxf3 d5 13. Nbd2 Nc6 14. h3 Be6 15. Ne5 Rc8 16. Kh2 b5 17. Nxc6 Rxc6 18. c4 b4 19. a3 a5 20. axb4 axb4 21. Ra4 Qb8 22. c5 Rfc8 23. Qe1 Nd7 24. Ba1 Qb5 25. Rf3 Rb8 26. Bf1 Qb7 27. Bd3 Ra8 28. Rxa8+ Qxa8 29. Rf1 Rc7 30. Bb5 Qa2 31. Ba4 Qc2 32. Rf2 Qd3 33. Rf3 Qc2 34. Rf2 Qd3 35. Nf3 Qf5 36. g4 1/2-1/2

[Event "56.SMM B Richter/Lask 2-ASD Arci BZ 2"]
[Site "?"]
[Date "2024.11.30"]
[Round "3.5"]
[White "D'Ambrosio, Luca"]
[Black "Kowalczyk, Martin"]
[Result "0-1"]
[WhiteElo "1876"]
[BlackElo "1825"]
[PlyCount "40"]
[EventDate "2024.??.??"]

{[%evp 0,40,29,32,32,8,41,30,34,25,103,33,55,29,44,43,15,0,13,-1,35,-40,-23,-31,-40,-24,-27,-45,-1,-22,-23,-20,-2,-34,-65,-70,-101,-161,-138,-172,-166,-169,-168]} 1. d4 Nf6 2. Bg5 g6 3. Nf3 Bg7 4. e3 c5 5. c3 cxd4 6. cxd4 Qb6 7. Qc2 Nc6 8. a3 d6 9. Nbd2 Bf5 10. Qb3 Qxb3 11. Nxb3 Ne4 12. Bh4 h6 13. Nbd2 g5 14. Nxe4 Bxe4 15. Bg3 Kd7 16. b4 f5 17. Nd2 Bd5 18. O-O-O f4 19. exf4 Nxd4 20. Nf3 Rac8+ 0-1

[Event "56.SMM B Sparkasse Team-SSV Naturns"]
[Site "?"]
[Date "2024.11.30"]
[Round "3.3"]
[White "Nägele, Raimund"]
[Black "Spornberger, Peter"]
[Result "1-0"]
[WhiteElo "1758"]
[BlackElo "1711"]
[PlyCount "115"]
[EventDate "2024.??.??"]

{[%evp 0,115,19,31,14,30,45,35,5,17,17,8,20,29,35,23,13,34,67,57,49,45,66,31,30,24,39,28,38,4,1,-19,102,117,116,131,122,126,131,123,158,147,152,169,162,141,199,221,194,165,165,152,179,128,130,134,134,130,140,124,134,124,131,129,157,136,161,115,117,148,171,128,124,96,185,167,197,165,182,194,178,177,274,298,298,298,332,346,406,373,485,388,450,443,642,301,382,317,438,385,331,22,178,-228,648,228,382,380,558,182,368,373,383,409,385,508,1308,1906]} 1. d4 Nf6 2. Nf3 g6 3. g3 Bg7 4. Bg2 O-O 5. c4 d6 6. O-O Nfd7 7. e4 Nc6 8. Be3 e5 9. d5 Ne7 10. Nc3 Nb6 11. c5 Nc4 12. cxd6 Nxd6 13. Qe2 f5 14. Rad1 Bd7 15. Ng5 h6 16. Ne6 Bxe6 17. dxe6 Qc8 18. Nd5 Nxd5 19. exd5 e4 20. Rc1 Re8 21. Rc2 a6 22. Rfc1 Re7 23. Qd2 Kh7 24. Bf4 Qd8 25. Qb4 Rb8 26. Bf1 g5 27. Be3 Be5 28. Bd4 Bg7 29. Bc5 Be5 30. Be3 Kg6 31. Qd2 Nb5 32. Bxb5 axb5 33. Bc5 Bd6 34. Qb4 Bxc5 35. Rxc5 Qd6 36. Qxb5 Kf6 37. Qc4 Rc8 38. Qc3+ Kg6 39. a4 b6 40. Rb5 c5 41. dxc6 Qxe6 42. Rxb6 Rec7 43. b4 Qd6 44. b5 Ra7 45. Ra1 Qc7 46. a5 Rca8 47. Qb4 Qe5 48. Qe1 Kh5 49. Qd1+ g4 50. Qb1 e3 51. Ra2 e2 52. Qe1 Re7 53. Rb7 Rd8 54. Rd7 Rdxd7 55. cxd7 Rxd7 56. Qxe2 Qd5 57. a6 Qc5 58. Qe8+ 1-0

[Event "56.SMM B Sparkasse Team-SSV Naturns"]
[Site "?"]
[Date "2024.11.30"]
[Round "3.4"]
[White "Ratschiller, Manuel"]
[Black "Wielander, Wolfgang"]
[Result "1/2-1/2"]
[WhiteElo "1713"]
[BlackElo "1706"]
[PlyCount "65"]
[EventDate "2024.??.??"]

{[%evp 0,65,37,39,66,35,35,-6,39,28,26,26,60,27,37,19,35,47,28,8,32,9,41,47,42,42,50,32,18,14,6,-18,-29,-41,-59,-58,-60,-52,-77,-82,-19,-41,-55,-34,-17,-10,-17,-7,-13,-13,-12,-48,-56,-59,-56,-51,-33,-25,-16,-28,-27,-46,-43,-55,-50,-55,-54,-56]} 1. e4 c5 2. d4 cxd4 3. c3 dxc3 4. Nxc3 e6 5. Nf3 d6 6. Bc4 a6 7. O-O Qc7 8. Bb3 Nc6 9. Re1 Nf6 10. Bf4 Be7 11. e5 dxe5 12. Nxe5 Nxe5 13. Bxe5 Qd8 14. Qxd8+ Bxd8 15. Bd6 Be7 16. Rad1 Bxd6 17. Rxd6 Bd7 18. Nd5 Nxd5 19. Bxd5 Rb8 20. Rb6 O-O 21. Rxb7 Rxb7 22. Bxb7 Rb8 23. Bxa6 Rxb2 24. Rd1 Be8 25. Bc4 Kf8 26. Bb3 Ke7 27. h3 Bb5 28. Rc1 Kd7 29. Rc5 Bc6 30. Ra5 Ke7 31. Ra7+ Kf6 32. Ra6 Bb7 33. Ra5 1/2-1/2

[Event "56.SMM B Taufers-Ridnaun/Sterzing"]
[Site "Sand in Taufers"]
[Date "2024.11.30"]
[Round "3.1"]
[White "Aigner, Helmut"]
[Black "Holzer, Philipp"]
[Result "1/2-1/2"]
[WhiteElo "1912"]
[BlackElo "1905"]
[PlyCount "37"]
[EventDate "2024.??.??"]

{[%evp 0,37,19,31,14,-14,3,3,32,35,78,37,38,34,38,35,32,20,39,30,30,27,46,26,25,26,42,42,35,37,29,27,24,-8,-12,-14,24,-14,-10,-10]} 1. d4 Nf6 2. c4 e6 3. Nf3 Bb4+ 4. Bd2 Qe7 5. a3 Bxd2+ 6. Qxd2 d5 7. Nc3 O-O 8. e3 Nbd7 9. cxd5 exd5 10. Bd3 c6 11. Qc2 Re8 12. O-O Nf8 13. Ne5 Ng4 14. Nxg4 Bxg4 15. Rfe1 Qg5 16. Be2 Bf5 17. Bd3 Bg4 18. Be2 Bf5 19. Bd3 1/2-1/2

[Event "56.SMM B Taufers-Ridnaun/Sterzing"]
[Site "?"]
[Date "2024.11.30"]
[Round "3.3"]
[White "De Bettin, Sergio"]
[Black "Niederkofler, Andreas"]
[Result "1/2-1/2"]
[WhiteElo "1819"]
[BlackElo "1893"]
[PlyCount "53"]
[EventDate "2024.??.??"]

{[%evp 0,53,14,28,44,51,37,52,37,47,20,15,41,47,64,37,73,60,110,65,72,31,25,6,-4,-17,-3,-54,-61,-84,-58,-61,-46,-63,-48,-47,-36,-22,-13,-48,-37,-30,-25,-25,-9,-13,-4,-34,-11,-6,-20,-39,-22,-9,3,13]} 1. e4 c5 2. Nf3 e6 3. d4 cxd4 4. Nxd4 Nf6 5. Bd3 a6 6. O-O d6 7. Be3 Qc7 8. Nd2 b6 9. Rc1 Bb7 10. N4b3 Nbd7 11. f3 Be7 12. Re1 O-O 13. Nf1 d5 14. Ng3 dxe4 15. Nxe4 Nxe4 16. Bxe4 Bxe4 17. fxe4 Nf6 18. Qf3 Bd6 19. h3 Rac8 20. c3 Nd7 21. Qe2 Qb7 22. Rcd1 Bg3 23. Bf2 Bxf2+ 24. Qxf2 Ne5 25. Rd4 Rfd8 26. Red1 Nc6 27. Rxd8+ 1/2-1/2

[Event "56.SMM B Deutschnofen/Alp-ASD Arci BZ 2"]
[Site "?"]
[Date "2024.11.30"]
[Round "3.1"]
[White "Puechler, Ruben"]
[Black "Zamengo, Bruno"]
[Result "1-0"]
[WhiteElo "1797"]
[BlackElo "1920"]
[PlyCount "41"]
[EventDate "2024.11.09"]

{[%evp 0,41,19,31,47,17,30,31,7,1,-3,-2,3,-13,42,-11,30,19,23,17,17,2,93,78,75,15,58,-3,106,118,195,58,69,106,106,90,106,224,217,294,368,-203,288,287]} 1. e4 e6 2. d4 d5 3. e5 c5 4. c3 Nc6 5. Nf3 Bd7 6. Be2 Qb6 7. a3 c4 8. Nbd2 Na5 9. O-O Ne7 10. Rb1 Nb3 11. Nxb3 Ba4 12. Be3 Nf5 13. g4 Ne7 14. Nfd2 Nc6 15. Qe1 Bxb3 16. Nxb3 Qxb3 17. Bd1 Qa2 18. Ba4 a6 19. Qc1 b5 20. Qc2 Na5 21. Ra1 1-0

[Event "56.SMM B Deutschnofen/Alp-ASD Arci BZ 2"]
[Site "?"]
[Date "2024.11.30"]
[Round "3.3"]
[White "Terletskyi, Oleh Mycola"]
[Black "Gibitz, Othmar"]
[Result "1-0"]
[WhiteElo "1730"]
[BlackElo "1761"]
[PlyCount "33"]
[EventDate "2024.11.09"]

{[%evp 0,33,29,30,31,25,25,14,82,62,78,85,96,71,76,8,9,-4,26,28,33,23,43,9,70,53,53,73,115,81,496,516,540,518,873,912]} 1. e4 e5 2. Nc3 Bc5 3. f4 Bxg1 4. Rxg1 d6 5. d4 exd4 6. Qxd4 Nf6 7. Be3 Nc6 8. Bb5 Bd7 9. Bxc6 Bxc6 10. O-O-O Qe7 11. Rde1 b6 12. e5 dxe5 13. fxe5 Ng8 14. e6 f6 15. Qc4 Bb7 16. Rd1 Bc8 17. Qc6+ 1-0